|
|
|
|
| LEADER |
02113pam a2200445 a 4500 |
| 001 |
AALOSOebook000003 |
| 003 |
BD-DhAAL |
| 006 |
m||||||||d|||||||| |
| 007 |
cr|||||||||||| |
| 008 |
201104s9999\\\\xxuabf\fo\\j\\001\0\eng\d |
| 999 |
|
|
|c 42335
|d 42335
|
| 020 |
|
|
|a 9780191799792 (ebook)
|
| 040 |
|
|
|a BD-DhAAL
|
| 050 |
|
|
|a RM301.28
|
| 082 |
|
|
|a 615.1
|2 23
|
| 245 |
|
|
|a Oxford handbook of clinical pharmacy /
|c edited by Philip Wiffen, Marc Mitchell, Melanie Snelling, and Nicola Stoner.
|
| 246 |
|
|
|a Handbook of clinical pharmacy
|
| 246 |
|
|
|a Clinical pharmacy
|
| 250 |
|
|
|a Third edition.
|
| 264 |
|
|
|a [Oxford] :
|b Oxford University Press,
|c c2017.
|
| 300 |
|
|
|a 1 online resource :
|b illustrations (black and white)
|
| 500 |
|
|
|a This edition previously issued in print: 2017.
|
| 500 |
|
|
|a <strong>Off-Campus Access:</strong> Athens ID and Password Required
|
| 500 |
|
|
|a <strong>On-Campus Access:</strong> No User ID or Password Required
|
| 504 |
|
|
|a Includes bibliographical references and index.
|
| 506 |
|
|
|a Electronic access restricted to authorized BRAC University faculty, staff and students
|
| 520 |
|
|
|a Complementing the guidelines in the British National Formulary, this third edition remains the indispensable guide to clinical pharmacy providing all the information needed for practising and student pharmacists.
|
| 521 |
|
|
|a Specialized.
|
| 538 |
|
|
|a Mode of access: Internet
|
| 650 |
|
|
|a Clinical pharmacology
|v Handbooks, manuals, etc.
|9 40589
|
| 650 |
|
|
|a Pharmacy
|v Handbooks, manuals, etc.
|9 40590
|
| 655 |
|
|
|a Electronic books
|2 Library of Congress
|9 40598
|
| 700 |
|
|
|a Wiffen, Phil,
|4 editor.
|9 40591
|
| 700 |
|
|
|a Mitchell, Marc,
|4 editor.
|9 40592
|
| 700 |
|
|
|a Snelling, Melanie,
|4 editor.
|9 40593
|
| 700 |
|
|
|a Stoner, Nicola,
|4 editor.
|9 40594
|
| 852 |
|
|
|a Ayesha Abed Library
|
| 856 |
|
|
|z Full text available on Oxford Medicine Online
|u http://dx.doi.org/10.1093/med/9780198735823.001.0001
|
| 942 |
|
|
|2 ddc
|c EBK
|
| 952 |
|
|
|0 0
|1 0
|2 ddc
|4 0
|6 615_100000000000000_OXF
|7 0
|9 68231
|a BRACUL
|b BRACUL
|d 2020-11-04
|l 0
|o 615.1 OXF
|p 301009840514624
|r 2020-11-04
|w 2020-11-04
|y EBK
|